駅ナンバリングの数字と駅名に使われている漢数字が同じ駅 - Statistics

General Stats
  • This quiz has been taken 73 times
  • The average score is 6 of 18
Answer Stats
区分 番号 駅名 % Correct
大手私鉄 DT03 三軒茶屋
86%
JR JC04 四ツ谷
84%
私鉄 TX08 八潮
72%
JR JJ03 三河島
70%
大手私鉄 KS03 新三河島
66%
地下鉄 A05 五反田
64%
JR JR-D06 六地蔵
33%
地下鉄 N07 七隈
17%
JR JR-G08 八本松
17%
地下鉄 S03 三宮
16%
大手私鉄 TT03 三好ヶ丘
13%
JR JC09 九郎原
13%
JR M02 二軒屋
6%
私鉄 BE03 三好町
5%
私鉄 S02 松島二丁目
3%
私鉄 H07 七和
3%
私鉄 S08 八栗
3%
路面電車 02 二本木口
2%
No matching quizzes found
Score Distribution
Percent of People with Each Score
Percentile by Number Answered
Your Score History
You have not taken this quiz